ACCA Exam Kit Paper F6 Taxation FA14 (TX) (Record no. 351124)

000 -LEADER
fixed length control field 00573nam a22001937a 4500
003 - CONTROL NUMBER IDENTIFIER
control field OSt
005 - DATE AND TIME OF LATEST TRANSACTION
control field 20180116183034.0
008 - FIXED-LENGTH DATA ELEMENTS--GENERAL INFORMATION
fixed length control field 160209b xxu||||| |||| 00| 0 eng d
020 ## - INTERNATIONAL STANDARD BOOK NUMBER
International Standard Book Number 9781784150464
040 ## - CATALOGING SOURCE
Transcribing agency 0
082 ## - DEWEY DECIMAL CLASSIFICATION NUMBER
Classification number 657 ACC 2015
100 ## - MAIN ENTRY--PERSONAL NAME
Personal name Kaplan Publishing
110 ## - MAIN ENTRY--CORPORATE NAME
Corporate name or jurisdiction name as entry element Kaplan Publishing
245 ## - TITLE STATEMENT
Title ACCA Exam Kit Paper F6 Taxation FA14 (TX)
Statement of responsibility, etc. Kaplan Publishing
Remainder of title Exam Kit -1 April 2015 to 31 March 2016
260 ## - PUBLICATION, DISTRIBUTION, ETC.
Place of publication, distribution, etc. UK
Name of publisher, distributor, etc. Kaplan Publishing
Date of publication, distribution, etc. 2015
300 ## - PHYSICAL DESCRIPTION
Extent 474 p.
Other physical details PB
440 ## - SERIES STATEMENT/ADDED ENTRY--TITLE
Title ACCA Exam Kit Paper F6 Taxation FA14 (TX)
942 ## - ADDED ENTRY ELEMENTS (KOHA)
Source of classification or shelving scheme
Koha item type Book
Holdings
Withdrawn status Lost status Source of classification or shelving scheme Damaged status Not for loan Permanent Location Current Location Shelving location Date acquired Total Checkouts Full call number Barcode Date last seen Price effective from Koha item type
          Central Library (CL) Central Library (CL) General Stacks 02/09/2016   657 ACC 2015 NBS9946 09/23/2016 02/09/2016 Book
© 2023 Central Library, National University of Sciences and Technology. All Rights Reserved.